000 00558nam a22001937a 4500
003 0
005 20250121121351.0
008 250121b xxu||||| |||| 00| 0 eng d
020 _a978-1-64725-497-1
050 _aP 90
_b.D24 2024
100 _aDavenport, Lennart
245 _aMedia of mass communication
_c Lennart Davenport
260 _aNew York
_bNY Research Press
_c2024
300 _avi, 268 pages ;
_c25cm.
504 _aIncludes bibliographical references and index.
650 _aMass media.
650 _aCommunication.
942 _2lcc
_cBK
999 _c367038
_d367038